000 00360 a2200169 4500
001 188678
020 _a978-85-7671-168-1
040 _cMagnum
100 _aFernandes, Thiago
240 1 0 _aA colônia do medo
_lpor
245 1 0 _aA colônia do medo
300 _a104
362 0 _a2013
440 1 _aFranco
697 _aLITERATURA JUVENIL
942 _cBK
999 _c188678
_d188678